[Event "CAN-ch"]
[Site "Toronto CAN"]
[Date "1996.08.21"]
[Round "8"]
[White "Livshits, Ron"]
[Black "Hergott, Deen"]
[Result "1/2-1/2"]
[WhiteElo "2390"]
[BlackElo "2445"]
[PlyCount "46"]
[EventDate "1996.08.14"]
[EventType "tourn"]
[EventRounds "15"]
[EventCountry "CAN"]
[EventCategory "4"]

1. d4 e6 2. c4 b6 3. Nc3 Bb4 4. Qc2 f5 5. a3 Bxc3+ 6. Qxc3 Nf6 7. Nf3 O-O 8. g3
Bb7 9. Bg2 Be4 10. O-O a5 11. b3 d6 12. Bb2 Qe7 13. Bh3 Qe8 14. Ng5 Qh5 15. Qe3
h6 16. Nxe4 Qxh3 17. Nxf6+ Rxf6 18. Qf3 Ra7 19. Rac1 f4 20. c5 bxc5 21. dxc5
fxg3 22. Qxg3 Qxg3+ 23. hxg3 Rf8 1/2-1/2

[Event "CAN-ch"]
[Site "Toronto CAN"]
[Date "1996.08.22"]
[Round "9"]
[White "Hergott, Deen"]
[Black "Jung, Hans"]
[Result "1/2-1/2"]
[WhiteElo "2445"]
[BlackElo "2215"]
[PlyCount "81"]
[EventDate "1996.08.14"]
[EventType "tourn"]
[EventRounds "15"]
[EventCountry "CAN"]
[EventCategory "4"]

1. d4 d5 2. c4 Nc6 3. e3 e6 4. Nf3 g6 5. Nc3 Nf6 6. b3 Bg7 7. Ba3 Ne7 8. Bd3
O-O 9. O-O b6 10. Rc1 Bb7 11. Qe2 Re8 12. cxd5 exd5 13. Nb5 Nc6 14. Ne5 Nxe5
15. dxe5 Rxe5 16. Rxc7 Ba6 17. Rfc1 Ne8 18. R7c2 Rh5 19. Nd4 Bxd4 20. Bxa6 Be5
21. f4 Bd6 22. Rc8 Bxa3 23. Rxd8 Rxd8 24. Rc8 Rxc8 25. Bxc8 d4 26. exd4 Nd6 27.
Bg4 Rd5 28. Qa6 Ra5 29. Qe2 Rd5 30. Bf3 Rxd4 31. g3 a5 32. Kg2 Bc5 33. Kh3 h5
34. Bc6 Bb4 35. Qa6 Bc5 36. Qe2 Bb4 37. Qe3 Bc5 38. Qe1 Bb4 39. Qf2 Bc5 40. Qe2
Bb4 41. Qa6 1/2-1/2

[Event "CAN-ch"]
[Site "Toronto CAN"]
[Date "1996.08.23"]
[Round "10"]
[White "Yoos, John"]
[Black "Hergott, Deen"]
[Result "1-0"]
[WhiteElo "2335"]
[BlackElo "2445"]
[PlyCount "74"]
[EventDate "1996.08.14"]
[EventType "tourn"]
[EventRounds "15"]
[EventCountry "CAN"]
[EventCategory "4"]

1. e4 e6 2. d4 d5 3. e5 c5 4. c3 Qb6 5. Nf3 Bd7 6. a3 a5 7. Be2 Bb5 8. c4 Bxc4
9. Bxc4 dxc4 10. d5 Ne7 11. dxe6 Qxe6 12. Nc3 Ng6 13. O-O Be7 14. Nd5 Na6 15.
Qa4+ Kf8 16. Nxe7 Qxe7 17. Qxc4 Nxe5 18. Nxe5 Qxe5 19. Qb5 Qc7 20. Rd1 h6 21.
Bd2 Qc6 22. Qxc6 bxc6 23. Bxa5 Ke7 24. Re1+ Kf6 25. Rad1 Nb8 26. Rd6+ Kf5 27.
Bc3 f6 28. Re7 Kg6 29. Rd3 Rg8 30. Rg3+ Kf5 31. Rf3+ Kg6 32. Bxf6 Nd7 33. Bxg7
Rae8 34. Rxe8 Rxe8 35. Bc3 Re6 36. Kf1 Nb6 37. Rf4 Rd6 1-0

[Event "CAN-ch"]
[Site "Toronto CAN"]
[Date "1996.08.24"]
[Round "11"]
[White "Hergott, Deen"]
[Black "Taylor, Gordon"]
[Result "1/2-1/2"]
[WhiteElo "2445"]
[BlackElo "2340"]
[PlyCount "46"]
[EventDate "1996.08.14"]
[EventType "tourn"]
[EventRounds "15"]
[EventCountry "CAN"]
[EventCategory "4"]

1. Nf3 Nf6 2. c4 e6 3. Nc3 d5 4. d4 c5 5. cxd5 Nxd5 6. e4 Nxc3 7. bxc3 cxd4 8.
cxd4 Bb4+ 9. Bd2 Bxd2+ 10. Qxd2 O-O 11. Bc4 Nc6 12. O-O b6 13. Rac1 Bb7 14. d5
exd5 15. Bxd5 Rc8 16. Rc3 Na5 17. Rd3 Bxd5 18. Rxd5 Qe7 19. e5 Rcd8 20. Rd1 Nb7
21. Qe2 Rxd5 22. Rxd5 Rd8 23. Rxd8+ Nxd8 1/2-1/2

[Event "CAN-ch"]
[Site "Toronto CAN"]
[Date "1996.08.26"]
[Round "12"]
[White "Schleifer, Michael"]
[Black "Hergott, Deen"]
[Result "0-1"]
[WhiteElo "2270"]
[BlackElo "2445"]
[PlyCount "78"]
[EventDate "1996.08.14"]
[EventType "tourn"]
[EventRounds "15"]
[EventCountry "CAN"]
[EventCategory "4"]

1. d4 g6 2. c4 Bg7 3. Nf3 Nf6 4. Nc3 d5 5. Bg5 dxc4 6. e3 Be6 7. Nd2 c5 8. Qa4+
Nc6 9. dxc5 Nd5 10. Rc1 Nxc3 11. bxc3 Qd5 12. Bf4 Qxc5 13. Bxc4 Bxc4 14. Qxc4
Qxc4 15. Nxc4 Rc8 16. Ke2 Nd8 17. Nd2 Ne6 18. Bg3 O-O 19. Rhd1 Bxc3 20. Ne4 Bb4
21. Rb1 a5 22. a3 Bxa3 23. Rxb7 f5 24. Nd2 Rc2 25. Kd3 Ra2 26. Rb8 Nc5+ 27. Kd4
Rxb8 28. Bxb8 Rxd2+ 29. Rxd2 Nb3+ 30. Kd3 Nxd2 31. Kxd2 Kf7 32. Kc3 Ke6 33. Ba7
Kd5 34. Kb3 Bc5 35. Bb8 Bd6 36. Bxd6 exd6 37. f3 Kc5 38. Ka4 Kc4 39. f4 Kd3 0-1

[Event "CAN-ch"]
[Site "Toronto CAN"]
[Date "1996.08.27"]
[Round "13"]
[White "Hergott, Deen"]
[Black "Frialde, Arniel"]
[Result "0-1"]
[WhiteElo "2445"]
[BlackElo "2332"]
[PlyCount "106"]
[EventDate "1996.08.14"]
[EventType "tourn"]
[EventRounds "15"]
[EventCountry "CAN"]
[EventCategory "4"]
[Source "CFC"]
[SourceDate "2002.12.??"]

1. d4 Nf6 2. Bg5 Ne4 3. Bf4 d5 4. f3 Nf6 5. Nc3 Bf5 6. e3 e6 7. g4 Bg6 8. h4 h5
9. g5 Nfd7 10. Nh3 Bb4 11. Bd3 Bxd3 12. Qxd3 g6 13. O-O-O c6 14. e4 Qa5 15.
exd5 cxd5 16. Nb5 Na6 17. a3 O-O 18. Nd6 Bxd6 19. Bxd6 Rfc8 20. Rhe1 e5 21.
Bxe5 Rc6 22. Kb1 Rac8 23. Re2 Nc7 24. Bxc7 Qxc7 25. Rde1 Qg3 26. f4 Qxh4 27.
Re8+ Nf8 28. R1e7 Rxe8 29. Rxe8 Re6 30. Rxe6 Nxe6 31. Qe3 Qg4 32. Ka2 h4 33. c4
Qg3 34. Qxg3 hxg3 35. cxd5 Nxd4 36. Ng1 Kf8 37. b4 Ke7 38. Kb2 Kd6 39. Kc3 Kxd5
40. Kd3 b5 41. Ke3 Nc2+ 42. Kf3 Nxa3 43. Ne2 Kc4 44. f5 gxf5 45. Nxg3 Kxb4 46.
Nxf5 Nc4 47. Nh6 Nd6 48. Kg4 a5 49. Kh5 Ne4 50. Nxf7 Nxg5 51. Kxg5 a4 52. Kf6
a3 53. Kg7 a2 0-1

[Event "CAN-ch"]
[Site "Toronto CAN"]
[Date "1996.08.29"]
[Round "15"]
[White "Hergott, Deen"]
[Black "Teplitsky, Yan"]
[Result "1/2-1/2"]
[WhiteElo "2445"]
[BlackElo "2450"]
[PlyCount "32"]
[EventDate "1996.08.14"]
[EventType "tourn"]
[EventRounds "15"]
[EventCountry "CAN"]
[EventCategory "4"]

1. d4 Nf6 2. Nf3 d5 3. c4 e6 4. Nc3 Bb4 5. Bg5 Nbd7 6. cxd5 exd5 7. e3 c5 8.
Bd3 Qa5 9. O-O c4 10. Bf5 O-O 11. Qc2 Re8 12. Nd2 g6 13. Bh3 Bxc3 14. bxc3 Ne4
15. Nxe4 dxe4 16. Bxd7 Bxd7 1/2-1/2

[Event "North Bay int."]
[Site "North Bay CAN"]
[Date "1996.08.07"]
[Round "1"]
[White "Hergott, Deen"]
[Black "Williams, Paul"]
[Result "1-0"]
[WhiteElo "2491"]
[BlackElo "2255"]
[PlyCount "51"]
[EventDate "1996.08.07"]
[EventType "swiss"]
[EventRounds "9"]
[EventCountry "CAN"]

1. d4 Nf6 2. Bg5 e6 3. e4 h6 4. Bxf6 Qxf6 5. Nc3 d6 6. Qd2 Nd7 7. f4 g5 8. Nb5
Qd8 9. Qc3 c6 10. d5 cxb5 11. Qxh8 e5 12. fxe5 Qa5+ 13. c3 Nxe5 14. Nf3 Qa4 15.
Nxe5 Qxe4+ 16. Be2 dxe5 17. O-O Qxd5 18. Bf3 Qc5+ 19. Kh1 Be6 20. Bxb7 Rb8 21.
Be4 Rd8 22. Bf5 Rd6 23. Rae1 e4 24. Bxe4 Rd2 25. Bg6 Qd5 26. Bxf7+ 1-0

[Event "North Bay int."]
[Site "North Bay CAN"]
[Date "1996.08.08"]
[Round "2"]
[White "Fiedler, Brian"]
[Black "Hergott, Deen"]
[Result "0-1"]
[WhiteElo "2285"]
[BlackElo "2491"]
[PlyCount "63"]
[EventDate "1996.08.07"]
[EventType "swiss"]
[EventRounds "9"]
[EventCountry "CAN"]

1. e4 e6 2. d4 d5 3. Nc3 Nf6 4. Bg5 Bb4 5. e5 h6 6. Bd2 Bxc3 7. bxc3 Ne4 8. Qg4
g6 9. Bd3 Nxd2 10. Kxd2 c5 11. h4 Nc6 12. Qf4 cxd4 13. cxd4 Bd7 14. Nf3 Qe7 15.
h5 g5 16. Qf6 O-O-O 17. Qxe7 Nxe7 18. Nh2 Nc6 19. c3 f5 20. exf6 e5 21. dxe5
Nxe5 22. Bg6 Rhf8 23. f7 Nxf7 24. Rae1 Nd6 25. f3 Rf4 26. Re7 Ra4 27. Ra1 Rh8
28. Nf1 Nc4+ 29. Kc2 Kd8 30. Ree1 Ra3 31. Nd2 Ba4+ 32. Kc1 0-1

[Event "North Bay int."]
[Site "North Bay CAN"]
[Date "1996.08.08"]
[Round "3"]
[White "Hergott, Deen"]
[Black "Tipu, Vincent"]
[Result "1-0"]
[WhiteElo "2491"]
[BlackElo "2348"]
[PlyCount "85"]
[EventDate "1996.08.07"]
[EventType "swiss"]
[EventRounds "9"]
[EventCountry "CAN"]

1. Nf3 c5 2. c4 Nf6 3. Nc3 g6 4. d4 cxd4 5. Nxd4 Bg7 6. e4 d6 7. Be2 Nc6 8. Be3
O-O 9. O-O Bd7 10. Qd2 Rc8 11. b3 a6 12. Rac1 Nxd4 13. Bxd4 Bc6 14. f3 Qa5 15.
Rfd1 Rfd8 16. Qb2 Ne8 17. Bxg7 Nxg7 18. b4 Qe5 19. Qd2 Ne6 20. g3 Nc7 21. f4
Qe6 22. Qd4 b5 23. Nd5 Ne8 24. f5 gxf5 25. exf5 Qxe2 26. Re1 Qxe1+ 27. Rxe1
Bxd5 28. cxd5 Ng7 29. f6 exf6 30. Qxf6 Ne8 31. Qe7 Ra8 32. Rf1 f6 33. Rf4 h5
34. Rf5 Rdc8 35. Rxh5 Rc7 36. Qe6+ Rf7 37. Rh8+ Kxh8 38. Qxf7 Rc8 39. Qb7 Rc1+
40. Kg2 Rc2+ 41. Kh3 Rxa2 42. Qc8 Re2 43. Qxa6 1-0

[Event "North Bay int."]
[Site "North Bay CAN"]
[Date "1996.08.09"]
[Round "4"]
[White "Morovic Fernandez, Ivan"]
[Black "Hergott, Deen"]
[Result "1-0"]
[WhiteElo "2590"]
[BlackElo "2491"]
[PlyCount "133"]
[EventDate "1996.08.07"]
[EventType "swiss"]
[EventRounds "9"]
[EventCountry "CAN"]
[Source "CFC"]
[SourceDate "2002.12.??"]

1. e4 e6 2. d4 d5 3. Nc3 Nf6 4. Bg5 dxe4 5. Nxe4 Nbd7 6. Nf3 h6 7. Nxf6+ Nxf6
8. Bxf6 Qxf6 9. Bb5+ c6 10. Bd3 Bd6 11. O-O O-O 12. Qe2 c5 13. c3 Rb8 14. Ne5
Bxe5 15. dxe5 Qe7 16. Rad1 Rd8 17. Qe4 g6 18. Qe3 Kg7 19. Be4 b6 20. Rxd8 Qxd8
21. Bf3 Bb7 22. Rd1 Qg5 23. Qxg5 hxg5 24. Bxb7 Rxb7 25. f3 c4 26. Kf2 Rc7 27.
Ke3 Rc5 28. f4 gxf4+ 29. Kxf4 Ra5 30. a3 Rb5 31. Rd2 g5+ 32. Ke4 f5+ 33. exf6+
Kxf6 34. Rf2+ Ke7 35. Kd4 Rc5 36. h3 Rc8 37. g3 b5 38. h4 gxh4 39. gxh4 Rh8 40.
Rh2 Rh5 41. Ke4 Kf6 42. Kf4 Rf5+ 43. Kg3 Re5 44. Rg2 Re1 45. h5 Rh1 46. Kg4 e5
47. Rf2+ Ke6 48. Rf3 a6 49. Rh3 Rg1+ 50. Kf3 Rf1+ 51. Ke2 Rf7 52. Ke3 Rh7 53.
h6 Kf5 54. Rh2 a5 55. Rh1 Ke6 56. Ke4 Kd6 57. Kf5 Kd5 58. Rd1+ Kc5 59. Kg6 Rb7
60. h7 Rb6+ 61. Kg5 Rb8 62. Rh1 Rh8 63. Kf6 b4 64. axb4+ axb4 65. Kxe5 Kb5 66.
Kf6 Ka4 67. Kg7 1-0

[Event "North Bay int."]
[Site "North Bay CAN"]
[Date "1996.08.10"]
[Round "6"]
[White "Bidal, Jay"]
[Black "Hergott, Deen"]
[Result "0-1"]
[WhiteElo "2288"]
[BlackElo "2491"]
[PlyCount "106"]
[EventDate "1996.08.07"]
[EventType "swiss"]
[EventRounds "9"]
[EventCountry "CAN"]

1. f4 g6 2. g3 Bg7 3. c3 d6 4. Bg2 e5 5. d3 Nf6 6. Na3 O-O 7. Nh3 Nc6 8. O-O
Qe7 9. e4 exf4 10. gxf4 d5 11. Nf2 dxe4 12. dxe4 Nh5 13. Nd3 b6 14. Nc2 Ba6 15.
Qf3 Rad8 16. Rd1 Bxd3 17. Rxd3 Rxd3 18. Qxd3 Qh4 19. Qh3 Qxh3 20. Bxh3 Bh6 21.
f5 Bxc1 22. Rxc1 Nf4 23. Bf1 Re8 24. Bb5 Re5 25. a4 Ne7 26. f6 Nc8 27. Rd1 Nd6
28. Bc6 Nh5 29. Nd4 Nxf6 30. Nf3 Rc5 31. e5 Rxc6 32. Nd4 Rc5 33. exf6 Ne8 34.
Nb5 Nxf6 35. Nxa7 Ra5 36. Nb5 c6 37. Rd6 cxb5 38. Rxf6 bxa4 39. Rxb6 a3 40.
bxa3 Rxa3 41. c4 Rc3 42. Rc6 h5 43. Kf2 h4 44. c5 Kg7 45. Rc8 Kf6 46. c6 Kf5
47. c7 Kg4 48. Kg2 Rc2+ 49. Kf1 Kh3 50. Kg1 Rc1+ 51. Kf2 Rc3 52. Kg1 Rc2 53.
Kf1 Kxh2 0-1

[Event "North Bay int."]
[Site "North Bay CAN"]
[Date "1996.08.10"]
[Round "7"]
[White "Hergott, Deen"]
[Black "Goldenberg, Danny"]
[Result "1-0"]
[WhiteElo "2491"]
[BlackElo "2371"]
[PlyCount "61"]
[EventDate "1996.08.07"]
[EventType "swiss"]
[EventRounds "9"]
[EventCountry "CAN"]

1. Nf3 Nf6 2. c4 g6 3. Nc3 d6 4. d4 Bg7 5. e4 O-O 6. Be2 e5 7. O-O Nc6 8. d5
Ne7 9. b4 Nh5 10. g3 h6 11. Nd2 Bh3 12. Re1 Nf4 13. Bf1 Bxf1 14. Rxf1 Nh3+ 15.
Kg2 Ng5 16. Nb3 Qd7 17. Bxg5 hxg5 18. g4 f5 19. h3 Kf7 20. f3 Rh8 21. Qe2 Rh4
22. c5 b6 23. a4 Rah8 24. Rh1 a6 25. cxb6 cxb6 26. Nd1 Bf6 27. Nf2 Qb7 28. Rhc1
fxe4 29. fxe4 Nxd5 30. Qc4 Ke6 31. Rd1 1-0

[Event "North Bay int."]
[Site "North Bay CAN"]
[Date "1996.08.11"]
[Round "8"]
[White "Sagalchik, Gennadij"]
[Black "Hergott, Deen"]
[Result "1-0"]
[WhiteElo "2525"]
[BlackElo "2491"]
[PlyCount "69"]
[EventDate "1996.08.07"]
[EventType "swiss"]
[EventRounds "9"]
[EventCountry "CAN"]

1. d4 e6 2. c4 b6 3. Nc3 Bb4 4. e4 Bb7 5. f3 f5 6. e5 c5 7. a3 Bxc3+ 8. bxc3
Nc6 9. dxc5 bxc5 10. Qd6 Qa5 11. Ne2 Nd8 12. Be3 Rc8 13. Rd1 Rc7 14. Rb1 Rc6
15. Qd2 Qc7 16. f4 Nh6 17. Nc1 Rb6 18. Rb5 Rxb5 19. cxb5 Be4 20. Qd6 Qxd6 21.
exd6 Nb7 22. Nb3 Ng4 23. Bg1 c4 24. Nd2 Nxd6 25. h3 Nf6 26. Bxc4 Bxg2 27. Rh2
Bb7 28. Bxa7 Nfe4 29. Nxe4 fxe4 30. Be2 Bd5 31. Bd4 Kf7 32. Bh5+ Ke7 33. Bc5
Rf8 34. Rd2 e3 35. Rd4 1-0

[Event "Quebec-ch active"]
[Site "Montreal CAN"]
[Date "1996.08.04"]
[Round "1"]
[White "Nunez, Omar"]
[Black "Hergott, Deen"]
[Result "0-1"]
[WhiteElo "1838"]
[BlackElo "2255"]
[PlyCount "58"]
[EventDate "1996.08.04"]
[EventType "swiss (rapid)"]
[EventRounds "5"]
[EventCountry "CAN"]

1. Nf3 d5 2. g3 Bg4 3. Bg2 Nd7 4. O-O c6 5. d3 Ngf6 6. Nbd2 e6 7. Qe1 a5 8. e4
dxe4 9. dxe4 a4 10. a3 Be7 11. Nc4 Bxf3 12. Bxf3 b5 13. e5 Nd5 14. Nd6+ Bxd6
15. exd6 O-O 16. Bxd5 cxd5 17. Bd2 Nc5 18. Bb4 Qxd6 19. Qe3 d4 20. Rad1 Rfd8
21. Qg5 Rac8 22. c3 Qd5 23. Qxd5 Rxd5 24. Rxd4 Rxd4 25. cxd4 Nb3 26. Rd1 Rd8
27. f4 f6 28. Kf2 Rxd4 29. Rxd4 Nxd4 0-1

[Event "Quebec-ch active"]
[Site "Montreal CAN"]
[Date "1996.08.04"]
[Round "2"]
[White "Hergott, Deen"]
[Black "Wojtkiewicz, Aleksander"]
[Result "0-1"]
[WhiteElo "2255"]
[BlackElo "2550"]
[PlyCount "98"]
[EventDate "1996.08.04"]
[EventType "swiss (rapid)"]
[EventRounds "5"]
[EventCountry "CAN"]

1. Nf3 c5 2. c4 Nf6 3. Nc3 e6 4. g3 b6 5. Bg2 Bb7 6. O-O a6 7. Re1 Be7 8. e4 d6
9. d4 cxd4 10. Nxd4 Qc7 11. b3 Nbd7 12. Bb2 O-O 13. Rc1 Rfe8 14. Rc2 Rad8 15.
Qa1 Qb8 16. h3 Qa8 17. Rce2 Bf8 18. Re3 Nc5 19. b4 Ncd7 20. a3 Rc8 21. Qa2 Ne5
22. Bf1 g6 23. f4 Ned7 24. e5 dxe5 25. fxe5 Nh5 26. g4 Nf4 27. Ne4 Be7 28. Bc3
Qb8 29. Qh2 g5 30. Nf3 Bxe4 31. Rxe4 h6 32. Rxf4 gxf4 33. Qxf4 Kg7 34. Bd3 Rh8
35. Rf1 Rcf8 36. Nd4 Qe8 37. Qe4 Rfg8 38. Qb7 h5 39. Nf5+ exf5 40. Qxd7 Qxd7
41. e6+ Bf6 42. Bxf6+ Kxf6 43. exd7 hxg4 44. Bxf5 gxh3+ 45. Kh1 h2 46. c5 Rg1+
47. Rxg1 hxg1=Q+ 48. Kxg1 Kxf5 49. c6 Ke6 0-1

[Event "Quebec-ch active"]
[Site "Montreal CAN"]
[Date "1996.08.04"]
[Round "3"]
[White "Hergott, Deen"]
[Black "Moussa, Alaa Eddine"]
[Result "1-0"]
[WhiteElo "2255"]
[BlackElo "1977"]
[PlyCount "81"]
[EventDate "1996.08.04"]
[EventType "swiss (rapid)"]
[EventRounds "5"]
[EventCountry "CAN"]

1. Nf3 Nf6 2. c4 e6 3. g3 d5 4. b3 Be7 5. Bg2 O-O 6. Bb2 c5 7. O-O Nc6 8. e3 b6
9. Nc3 Bb7 10. Qe2 Qc7 11. Rac1 Rad8 12. cxd5 exd5 13. d4 Ne4 14. Rfd1 Nxc3 15.
Bxc3 Rfe8 16. Qb2 Bf8 17. Ne1 Qc8 18. dxc5 d4 19. Bxd4 Nxd4 20. Rxd4 Bxg2 21.
Nxg2 Bxc5 22. Rxd8 Qxd8 23. b4 Be7 24. Nf4 Qd6 25. b5 Bf6 26. Qb3 Rd8 27. Kg2
Qd7 28. Rc6 Be7 29. Qc4 Bc5 30. h4 a6 31. a4 a5 32. Qe4 Re8 33. Qd5 Qe7 34. Nd3
Rd8 35. Qc4 h6 36. Nxc5 bxc5 37. Rxc5 Kh7 38. Rc7 Rd7 39. Rxd7 Qxd7 40. Qe4+ g6
41. b6 1-0

[Event "Quebec-ch active"]
[Site "Montreal CAN"]
[Date "1996.08.04"]
[Round "4"]
[White "Castonguay, Rejean"]
[Black "Hergott, Deen"]
[Result "1-0"]
[WhiteElo "2029"]
[BlackElo "2255"]
[PlyCount "77"]
[EventDate "1996.08.04"]
[EventType "swiss (rapid)"]
[EventRounds "5"]
[EventCountry "CAN"]

1. c4 b6 2. g3 Bb7 3. Nf3 Bxf3 4. exf3 c5 5. d4 Nc6 6. d5 Nd4 7. Be3 Nf5 8. Bh3
Nxe3 9. fxe3 g6 10. Nc3 h5 11. Qd3 Bg7 12. f4 d6 13. O-O-O a6 14. e4 Nh6 15.
Rhe1 Ng4 16. Bxg4 hxg4 17. Re2 Qc7 18. Rde1 Rh5 19. e5 O-O-O 20. exd6 exd6 21.
Re7 Rd7 22. Re8+ Kb7 23. Nb5 axb5 24. Qa3 Rd8 25. R1e7 Rxe8 26. Rxe8 Qb8 27.
Rxb8+ Kxb8 28. Qa6 bxc4 29. Qxb6+ Ka8 30. Qa6+ Kb8 31. Qxd6+ Ka8 32. Qc6+ Ka7
33. Qxc5+ Kb7 34. Qc6+ Ka7 35. Qc7+ Ka8 36. d6 Rxh2 37. Qc6+ Ka7 38. d7 Bxb2+
39. Kb1 1-0

[Event "Quebec-ch active"]
[Site "Montreal CAN"]
[Date "1996.08.04"]
[Round "5"]
[White "Cote, Jacques"]
[Black "Hergott, Deen"]
[Result "0-1"]
[WhiteElo "2010"]
[BlackElo "2255"]
[PlyCount "88"]
[EventDate "1996.08.04"]
[EventType "swiss (rapid)"]
[EventRounds "5"]
[EventCountry "CAN"]

1. e4 e6 2. d4 d5 3. Nc3 Nf6 4. e5 Nfd7 5. f4 c5 6. Nf3 Nc6 7. Be3 a6 8. Be2 b5
9. O-O Qb6 10. Kh1 cxd4 11. Nxd4 Bc5 12. Nxc6 Bxe3 13. Nb4 Bb7 14. a4 d4 15. a5
Qc7 16. Nb1 O-O 17. Bf3 f6 18. Bxb7 Qxb7 19. Nd3 fxe5 20. fxe5 Rxf1+ 21. Qxf1
Rf8 22. Qe2 Nxe5 23. Nxe5 Rf2 24. Qxf2 Bxf2 25. Nd2 Qc7 26. Ndf3 Qxc2 27. Rf1
Qxb2 28. Ng5 Qe2 29. Rc1 Kf8 30. Nxe6+ Ke7 31. Nxd4 Bxd4 32. Nc6+ Kd6 33. Nxd4
Qe4 34. Rd1 Kc5 35. Nf3 b4 36. Kg1 Kb5 37. Nd4+ Kxa5 38. Nb3+ Kb5 39. Nd4+ Kc4
40. Nf3 Qe3+ 41. Kf1 b3 42. Nd2+ Kc3 43. Nb1+ Kc2 44. Re1 Qxe1+ 0-1

[Event "Quebec op"]
[Site "Montreal CAN"]
[Date "1996.07.27"]
[Round "1"]
[White "McKelvey, Miles"]
[Black "Hergott, Deen"]
[Result "1/2-1/2"]
[WhiteElo "2070"]
[BlackElo "2390"]
[PlyCount "87"]
[EventDate "1996.07.27"]
[EventType "swiss"]
[EventRounds "9"]
[EventCountry "CAN"]

1. Nf3 Nf6 2. b3 g6 3. Bb2 Bg7 4. c4 c5 5. g3 Nc6 6. Bg2 d6 7. O-O O-O 8. d3 a6
9. Nc3 Ne8 10. Qd2 Qa5 11. Rfd1 Rb8 12. Nd5 Qxd2 13. Rxd2 Bxb2 14. Rxb2 b5 15.
Nd2 e6 16. Nf4 Ne5 17. Rc2 Ng7 18. Rcc1 g5 19. Nh3 g4 20. Nf4 Nf5 21. h3 gxh3
22. Bxh3 Nd4 23. Kf1 Bb7 24. Bg2 bxc4 25. Nxc4 Nxc4 26. Rxc4 Bxg2+ 27. Nxg2 Rb5
28. e3 Nc6 29. Ke2 Rfb8 30. Ra4 a5 31. Ne1 Rb4 32. Rxb4 axb4 33. a4 Na5 34. Rb1
d5 35. Nc2 Kg7 36. Rb2 h5 37. Rb1 Rh8 38. Ne1 h4 39. gxh4 Rxh4 40. Nf3 Rg4 41.
Nd2 Kf6 42. Rc1 c4 43. dxc4 dxc4 44. bxc4 1/2-1/2

[Event "Quebec op"]
[Site "Montreal CAN"]
[Date "1996.07.28"]
[Round "2"]
[White "Hergott, Deen"]
[Black "Gagnon, Michel"]
[Result "1-0"]
[WhiteElo "2390"]
[BlackElo "2030"]
[PlyCount "127"]
[EventDate "1996.07.27"]
[EventType "swiss"]
[EventRounds "9"]
[EventCountry "CAN"]

1. d4 Nf6 2. Bg5 Ne4 3. Bf4 d5 4. Nd2 Nd6 5. e3 e6 6. Ngf3 Nd7 7. c3 Be7 8. Bd3
c5 9. Qb1 h6 10. O-O Qb6 11. a4 a6 12. a5 Qd8 13. e4 Nxe4 14. Nxe4 dxe4 15.
Bxe4 cxd4 16. Rd1 O-O 17. Rxd4 Bf6 18. Rd2 Qe8 19. Bc2 e5 20. Re2 Qe6 21. Qe1
Re8 22. Bg3 b5 23. Nd4 Qd6 24. Nf5 Qc7 25. Rd2 Nc5 26. Nd6 Re6 27. Rad1 g6 28.
b4 Nb7 29. Ne4 Bg7 30. Bb3 Re7 31. Qe3 Be6 32. Bxe6 Rxe6 33. h4 Rc8 34. Rd7 Qc6
35. Qf3 f5 36. Rxb7 Qxe4 37. Qxe4 fxe4 38. Rdd7 Bf8 39. Rb6 Rcc6 40. Rxc6 Rxc6
41. Bxe5 Re6 42. Bd4 Be7 43. g3 Bf6 44. Bxf6 Rxf6 45. Rb7 Rc6 46. Rb6 Rxc3 47.
Rxg6+ Kh7 48. Rxa6 Rb3 49. h5 Rb1+ 50. Kg2 Rxb4 51. Ra7+ Kg8 52. Rb7 Ra4 53.
Rxb5 Kg7 54. Kf1 Kf6 55. Ke2 Ra3 56. Rc5 Ke6 57. Rc6+ Kd5 58. Rxh6 Rxa5 59. Rf6
Ke5 60. Rf4 Ra2+ 61. Kf1 Ra1+ 62. Kg2 Ra2 63. h6 Ra8 64. h7 1-0

[Event "Quebec op"]
[Site "Montreal CAN"]
[Date "1996.07.29"]
[Round "4"]
[White "Hergott, Deen"]
[Black "Teuton, Frank"]
[Result "1/2-1/2"]
[WhiteElo "2390"]
[BlackElo "2200"]
[PlyCount "81"]
[EventDate "1996.07.27"]
[EventType "swiss"]
[EventRounds "9"]
[EventCountry "CAN"]

1. Nf3 f5 2. d4 Nf6 3. h3 e6 4. Bf4 Be7 5. e3 O-O 6. Bd3 d5 7. Nbd2 Ne4 8. Ne5
c5 9. c3 Nc6 10. Bxe4 fxe4 11. O-O cxd4 12. Nxc6 bxc6 13. cxd4 Ba6 14. Re1 c5
15. Nb3 cxd4 16. Nxd4 Qb6 17. Rc1 Rac8 18. Qg4 Rf6 19. Rxc8+ Bxc8 20. Rc1 Bd7
21. Rc7 Rxf4 22. Qxf4 Bd6 23. Rb7 Bxf4 24. Rxb6 Bh2+ 25. Kxh2 axb6 26. f4 exf3
27. Nxf3 Kf8 28. Kg3 Ke7 29. h4 Bb5 30. Kf4 Kd6 31. Ne5 Bc4 32. b3 Be2 33. g4
b5 34. b4 Bc4 35. a3 Be2 36. g5 Bh5 37. Nd3 Be2 38. Ne5 Bd1 39. Nf7+ Ke7 40.
Ne5 Kd6 41. Nf7+ 1/2-1/2

[Event "Quebec op"]
[Site "Montreal CAN"]
[Date "1996.??.??"]
[Round "5"]
[White "Reeve, Jeff"]
[Black "Hergott, Deen"]
[Result "0-1"]
[WhiteElo "2193"]
[BlackElo "2390"]
[PlyCount "116"]
[EventDate "1996.07.27"]
[EventType "swiss"]
[EventRounds "9"]
[EventCountry "CAN"]

1. e4 e6 2. d4 d5 3. Nc3 Nf6 4. e5 Nfd7 5. f4 c5 6. Nf3 Nc6 7. Be3 a6 8. Qd2 b5
9. dxc5 Bxc5 10. Bxc5 Nxc5 11. Bd3 b4 12. Ne2 Qb6 13. Ned4 Nxd4 14. Nxd4 Nxd3+
15. Qxd3 Bd7 16. Rf1 Bb5 17. Nxb5 axb5 18. Ke2 O-O 19. Rf3 Rfc8 20. b3 Rc7 21.
Rf2 Rc3 22. Qd2 Qc5 23. Kf1 Rc8 24. Rc1 g6 25. Re2 Kf8 26. Rf2 Ke8 27. Re2 Kd7
28. Rf2 h5 29. Rf3 Ra8 30. Rxc3 bxc3 31. Qf2 Kc6 32. Qxc5+ Kxc5 33. Ke2 Kd4 34.
Ra1 Ra3 35. Kf3 g5 36. Rd1+ Kc5 37. fxg5 Rxa2 38. Rc1 Kd4 39. Kf4 Rxc2 40. Rxc2
Kd3 41. Rc1 h4 42. h3 Kd2 43. Rg1 c2 44. g3 d4 45. gxh4 d3 46. h5 Kc3 47. g6
fxg6 48. hxg6 d2 49. g7 c1=Q 50. Rg3+ Kb2 51. Rg2 Kxb3 52. g8=Q d1=Q+ 53. Kg3
Qe3+ 54. Kh2 Qxe5+ 55. Rg3+ Kb2 56. Qa8 Qde2+ 57. Qg2 Qxg2+ 58. Kxg2 Qe2+ 0-1

[Event "Quebec op"]
[Site "Montreal CAN"]
[Date "1996.07.31"]
[Round "6"]
[White "Hergott, Deen"]
[Black "Boudy Bueno, Julio"]
[Result "1-0"]
[WhiteElo "2390"]
[BlackElo "2280"]
[PlyCount "45"]
[EventDate "1996.07.27"]
[EventType "swiss"]
[EventRounds "9"]
[EventCountry "CAN"]

1. d4 Nf6 2. Nf3 c5 3. d5 d6 4. Nc3 g6 5. e4 Bg7 6. Bb5+ Bd7 7. a4 O-O 8. h3
Na6 9. O-O Nc7 10. Bc4 a6 11. a5 Nb5 12. Qd3 Nxc3 13. bxc3 Bc8 14. Bg5 Nd7 15.
Rfb1 Re8 16. Nd2 Qc7 17. Ra3 b5 18. axb6 Nxb6 19. Bxa6 Rxa6 20. Rxa6 c4 21. Qe3
Bxa6 22. Qxb6 Qc8 23. Ra1 1-0

[Event "Quebec op"]
[Site "Montreal CAN"]
[Date "1996.08.02"]
[Round "8"]
[White "Hergott, Deen"]
[Black "Levtchouk, George"]
[Result "1/2-1/2"]
[WhiteElo "2390"]
[BlackElo "2325"]
[PlyCount "81"]
[EventDate "1996.07.27"]
[EventType "swiss"]
[EventRounds "9"]
[EventCountry "CAN"]

1. d4 g6 2. Nf3 Bg7 3. g3 Nf6 4. Bg2 O-O 5. O-O d6 6. a4 Nc6 7. a5 Rb8 8. d5
Nb4 9. c3 Na6 10. Be3 Ra8 11. Na3 Bd7 12. Nd4 Qc8 13. Re1 c6 14. dxc6 bxc6 15.
b4 e5 16. Ndc2 d5 17. c4 d4 18. Bg5 Bh3 19. Bxf6 Bxf6 20. e3 Bxg2 21. Kxg2 Rd8
22. exd4 exd4 23. Qf3 Kg7 24. Rad1 c5 25. b5 Nb4 26. Qb3 Nxc2 27. Nxc2 Qf5 28.
Qd3 Qd7 29. Na1 h5 30. h4 Re8 31. Nb3 Qc7 32. Re4 Re5 33. Rde1 Rf5 34. R1e2 Rd8
35. Kg1 Rd6 36. Re1 Bd8 37. Re5 Rdf6 38. Rxf5 Rxf5 39. Re4 Qd6 40. Kg2 Qf6 41.
f4 1/2-1/2